Statystyki dla Państwa Które Brały Udział MŚ 2018

Kliknij tutaj aby rozwiązać quiz!

Ogólne statystyki

  • Ten quiz został rozwiązany 19 razy
  • Średni wynik to 27 z 32

Statystyki odpowiedzi

HintOdpowiedź% Poprawnych
Grupa GAnglia
94%
Grupa DArgentyna
94%
Grupa GBelgia
94%
Grupa EBrazylia
94%
Grupa DChorwacja
94%
Grupa CFrancja
94%
Grupa HJaponia
94%
Grupa HKolumbia
94%
Grupa HPolska
94%
Grupa ARosja
94%
Grupa HSenegal
94%
Grupa AArabia Saudyjska
89%
Grupa CDania
89%
Grupa AEgipt
89%
Grupa BHiszpania
89%
Grupa BPortugalia
89%
Grupa AUrugwaj
89%
Grupa BMaroko
83%
Grupa FNiemcy
83%
Grupa ESzwajcaria
83%
Grupa FSzwecja
83%
Grupa BIran
78%
Grupa DIslandia
78%
Grupa FKorea Południowa
78%
Grupa FMeksyk
78%
Grupa ESerbia
78%
Grupa EKostaryka
72%
Grupa DNigeria
72%
Grupa CNigeria
72%
Grupa GPanama
72%
Grupa CPeru
67%
Grupa GTunezja
56%

Rozkład punktacji

Percentyl według liczby udzielonych odpowiedzi

Procent ludzi z każdym wynikiem

Twoja historia wyników

Nie rozwiązałeś tego quizu